000 00411nam a22001697a 4500
003 MACL
005 20151028104416.0
008 151028b xxu||||| |||| 00| 0 eng d
040 _cMACL
041 _aEnglish
082 _a500/JAI
100 _aJain Dr. Narendra
_917061
245 _aMagnificent Brain Mysteries
260 _aJaipur
_bDesert Book House
_c2011
650 _aScience
_917062
942 _2ddc
_cBK
999 _c50426
_d50426